000 00639nam a22002177a 4500
005 20161202163405.0
008 161202b xxu||||| |||| 00| 0 eng d
020 _a9781906347109
_c850.00
040 _aLoreto College
041 _aEnglish
082 _a940.21
_bSWI
100 _aSwift,Michael
245 _aCities of the Renaissance world
_bMaps from Civitates Orbis Terrarum
_cMichael Swift and Angus Konstam
260 _aLondon
_bCompendium Publishing
_c2008
300 _a224p
_bMaps,ill
504 _aIncludes index
650 _aHistory-Europe-Renaissance
700 _4Auth
_aKonstam,Angus
850 _aLCBED
942 _cBK
999 _c40809
_d91288